|
|
|
|
| LEADER |
01112nam a2200277 i 4500 |
| 001 |
c000303395 |
| 003 |
CARM |
| 005 |
00000000000000.0 |
| 008 |
840301s1973 oncab f001 0 eng d |
| 019 |
1 |
|
|a 875813
|5 LACONCORD2021
|
| 035 |
|
|
|a (OCoLC)2983418
|5 LACONCORD2021
|
| 043 |
|
|
|a n-cn---
|
| 082 |
0 |
4 |
|a 634.9/08 s
|a 634.9/751/6709713
|
| 100 |
1 |
|
|a Rose, A. H.
|q (Arthur H.)
|
| 245 |
1 |
0 |
|a Insects of eastern pines /
|c [by] A. H. Rose and O. H. Lindquist.
|
| 260 |
|
|
|a [Ottawa] :
|b Dept. of the Environment, Canadian Forestry Service ,
|c 1973.
|
| 300 |
|
|
|a 127 p. :
|b ill. (part col.), col. map. ;
|c 25 cm.
|
| 490 |
0 |
|
|a Publication (Canadian Forestry Service) ;
|v no. 1313
|
| 500 |
|
|
|a Issued also in French.
|
| 500 |
|
|
|a Includes index.
|
| 650 |
|
0 |
|a Pine
|x Diseases and pests
|z Canada.
|
| 650 |
|
0 |
|a Forest insects
|z Canada
|x Identification.
|
| 700 |
1 |
|
|a Lindquist, O. H.
|
| 852 |
8 |
|
|b CARM
|h A1:AR23F0
|i C11020
|p 0506686
|f BK
|
| 999 |
f |
f |
|i 34c8c045-9a49-5f49-ad46-c56eed275592
|s 33323379-e682-5f2c-b182-e5334785120c
|
| 952 |
f |
f |
|p Can circulate
|a CAVAL
|b CAVAL
|c CAVAL
|d CARM 1 Store
|e C11020
|f A1:AR23F0
|h Other scheme
|i book
|m 0506686
|